Language Quiz

Random Language or Letter Quiz

2 Words, Same 5 Letters Quiz Stats

 Plays Quiz Updated Oct 9, 2014

Challenge
Share
Tweet
Embed
Score 0/40 Timer 06:00
0 Plays Today
5-Letter Word Anagram % Correct
tartsstart
87.9%
harksshark
87.2%
tiffsstiff
81.8%
oughttough
80.6%
owlettowel
80.5%
fleshshelf
77.1%
angerrange
73.6%
quietquite
70.9%
shrubbrush
68.6%
tamedmated
67%
echoschose
66.9%
broththrob
66.8%
easellease
62%
struttrust
61.1%
piqueequip
57%
tonednoted
55.5%
grownwrong
54.7%
brazezebra
53%
swapswasps
51.1%
nightthing
47.4%
5-Letter Word Anagram % Correct
dragsgrads
46.4%
fondufound
45.6%
blatsblast
44.6%
ragedgrade
41.5%
genregreen
39.6%
inferfiner
39.4%
nervenever
36.8%
fortsfrost
36.3%
bitertribe
36.1%
scripcrisp
35.6%
towerwrote
33.5%
thinshints
33.2%
voileolive
31%
exitsexist
30.9%
titantaint
30.1%
tacitattic
24.8%
fumerfemur
19%
perilplier
17.3%
oceancanoe
14.4%
mangoamong
12%

You're not logged in!

Compare scores with friends on all Sporcle quizzes.
Join for Free
OR
Log In

You Might Also Like...

Show Comments

Extras

Top Quizzes Today


Score Distribution

Your Account Isn't Verified!

In order to create a playlist on Sporcle, you need to verify the email address you used during registration. Go to your Sporcle Settings to finish the process.

Report this User

Report this user for behavior that violates our Community Guidelines.

Details: